[Event "Joao Pessoa de Assis Memorial 3rd"]
[Site "Joao Pessoa"]
[Date "2023.10.22"]
[Round "6"]
[White "Souza, Marcos Valerio"]
[Black "Da Silva Tomaz, Luiz Antonio"]
[Result "1/2-1/2"]
[WhiteElo "1962"]
[BlackElo "2044"]
[PlyCount "60"]
[EventDate "2023.10.20"]
[EventType "swiss"]
[EventRounds "6"]
[EventCountry "BRA"]
[SourceTitle "Mega2024 Update 01"]
[Source "Chessbase"]
[SourceDate "2023.11.12"]
[SourceVersion "1"]
[SourceVersionDate "2023.11.12"]
[SourceQuality "1"]

1. d4 Nf6 2. c4 e6 3. g3 d5 4. Bg2 Nbd7 5. Nf3 c6 6. 0-0 Be7 7. Nc3 0-0 8. Bf4 Nh5 9. Bc1 f5 10. Nd2 Ndf6 11. Nf3 Bd6 12. c5 Bc7 13. Ne5 Qe8 14. f3 Nd7 15. f4 Nhf6 16. Bd2 Ne4 17. Rb1 Ndf6 18. b4 b5 19. a4 a6 20. e3 Bd7 21. Qe2 Qe7 22. Rb3 Be8 23. Bf3 g5 24. Ra1 Rc8 25. axb5 axb5 26. Ra7 Nxc3 27. Bxc3 g4 28. Bg2 Bd7 29. Rba3 Bb8 30. Rb7 Rc7 1/2-1/2

[Event "Joao Pessoa de Assis Memorial 3rd"]
[Site "Joao Pessoa"]
[Date "2023.10.21"]
[Round "3"]
[White "De Oliveira, Jefferson Pereira"]
[Black "Souza, Marcos Valerio"]
[Result "1/2-1/2"]
[WhiteElo "1891"]
[BlackElo "1962"]
[PlyCount "109"]
[EventDate "2023.10.20"]
[EventType "swiss"]
[EventRounds "6"]
[EventCountry "BRA"]
[SourceTitle "Mega2024 Update 01"]
[Source "Chessbase"]
[SourceDate "2023.11.12"]
[SourceVersion "1"]
[SourceVersionDate "2023.11.12"]
[SourceQuality "1"]

1. d4 Nf6 2. c4 c5 3. Nf3 e6 4. Nc3 cxd4 5. Nxd4 d5 6. Bg5 e5 7. Nc2 d4 8. Nd5 h6 9. Bxf6 gxf6 10. e3 Be6 11. exd4 Bxd5 12. cxd5 Qxd5 13. dxe5 Qa5+ 14. Qd2 Qxd2+ 15. Kxd2 fxe5 16. Bb5+ Nc6 17. Bxc6+ bxc6 18. Rae1 0-0-0+ 19. Kc3 Bg7 20. Re2 f5 21. Ne3 Rhf8 22. Kc2 Rd4 23. b3 e4 24. Rd1 c5 25. Nc4 Rfd8 26. Red2 h5 27. f3 Bh6 28. Rxd4 cxd4 29. fxe4 fxe4 30. Re1 d3+ 31. Kd1 Rd4 32. Rxe4 Rxe4 33. Nd6+ Kc7 34. Nxe4 Be3 35. Ng3 h4 36. Nf5 Bg5 37. Nd4 Kb6 38. Nf3 Be3 39. Ne5 Bf4 40. Nxd3 Bxh2 41. Ke2 Kc6 42. Ne1 Kc5 43. Kd3 Bg3 44. Nc2 Kd5 45. b4 Ke5 46. a4 Bf2 47. Ke2 Bb6 48. a5 Bd8 49. Kd3 Kf4 50. Kc4 Kg3 51. Ne3 Kf2 52. Kd3 Bg5 53. Nf5 Kxg2 54. Nxh4+ Bxh4 55. Kc4 1/2-1/2

[Event "Joao Pessoa de Assis Memorial 3rd"]
[Site "Joao Pessoa"]
[Date "2023.10.21"]
[Round "4"]
[White "Souza, Marcos Valerio"]
[Black "Barioni, Daniel Rossiter"]
[Result "1-0"]
[WhiteElo "1962"]
[BlackElo "1827"]
[PlyCount "91"]
[EventDate "2023.10.20"]
[EventType "swiss"]
[EventRounds "6"]
[EventCountry "BRA"]
[SourceTitle "Mega2024 Update 01"]
[Source "Chessbase"]
[SourceDate "2023.11.12"]
[SourceVersion "1"]
[SourceVersionDate "2023.11.12"]
[SourceQuality "1"]

1. d4 d5 2. c4 e6 3. g3 Nf6 4. Bg2 Be7 5. Nf3 0-0 6. 0-0 dxc4 7. Ne5 Nc6 8. Bxc6 bxc6 9. Nxc6 Qd7 10. Nxe7+ Qxe7 11. Qa4 Qd6 12. Qxc4 Ba6 13. Qc2 Qxd4 14. Be3 Qc4 15. Qxc4 Bxc4 16. Nc3 Nd5 17. Nxd5 exd5 18. Rfe1 Rfe8 19. b3 Ba6 20. Rac1 Re7 21. Rc5 Bb7 22. Rec1 c6 23. Rd1 Re4 24. Ra5 a6 25. Rd4 Rae8 26. Kf1 f5 27. Ke1 Kf7 28. Kd2 Kf6 29. Rxe4 Rxe4 30. Bc5 g5 31. f3 Re8 32. Ra4 Rd8 33. Kc3 Ke6 34. h4 h6 35. Rb4 Rd7 36. Bf8 d4+ 37. Rxd4 Rxd4 38. Kxd4 f4 39. g4 gxh4 40. Bxh6 c5+ 41. Kxc5 Ke5 42. Bf8 Kf6 43. Bd6 Kg5 44. Be7+ Kg6 45. Bxh4 a5 46. Kb6 1-0

[Event "Florianopolis op 9th"]
[Site "Florianopolis"]
[Date "2023.01.25"]
[Round "4"]
[White "Nobre, Jailson Altair Barb"]
[Black "Souza, Marcos Valerio"]
[Result "1/2-1/2"]
[WhiteElo "1669"]
[BlackElo "1989"]
[PlyCount "95"]
[EventDate "2023.01.23"]
[EventType "swiss"]
[EventRounds "10"]
[EventCountry "BRA"]
[SourceTitle "CBM 212 Extra"]
[Source "ChessBase"]
[SourceDate "2023.03.31"]
[SourceVersion "1"]
[SourceVersionDate "2023.03.31"]
[SourceQuality "1"]

1. Nf3 Nf6 2. c4 c5 3. g3 g6 4. Bg2 Bg7 5. Nc3 0-0 6. b3 d5 7. cxd5 Nxd5 8. Bb2 Nxc3 9. Bxc3 Bxc3 10. dxc3 Qa5 11. Qc2 Bf5 12. Qb2 Nc6 13. 0-0 Rfd8 14. Rad1 Be4 15. Rd2 Rxd2 16. Nxd2 Bxg2 17. Kxg2 Rd8 18. Nc4 Qc7 19. Qc2 Ne5 20. Nxe5 Qxe5 21. Rd1 Rd6 22. Rxd6 exd6 23. c4 d5 24. cxd5 Qxd5+ 25. e4 Qc6 26. Qc4 b5 27. Qd3 c4 28. bxc4 bxc4 29. Qd8+ Kg7 30. Qd4+ f6 31. Qxa7+ Kg8 32. Qb8+ Kf7 33. f3 c3 34. Qb3+ Kg7 35. Qc2 Qc5 36. Kf1 Qe3 37. a4 Qxf3+ 38. Kg1 Kf8 39. a5 Qe3+ 40. Kf1 Qc5 41. Ke2 Qxa5 42. Kd3 Ke7 43. Qxc3 Qxc3+ 44. Kxc3 Ke6 45. Kd4 h5 46. h3 g5 47. h4 gxh4 48. gxh4 1/2-1/2

[Event "Florianopolis op 9th"]
[Site "Florianopolis"]
[Date "2023.01.24"]
[Round "3"]
[White "Souza, Marcos Valerio"]
[Black "Cabral, Vinicius Albuquerqu"]
[Result "0-1"]
[WhiteElo "1989"]
[BlackElo "1744"]
[PlyCount "44"]
[EventDate "2023.01.23"]
[EventType "swiss"]
[EventRounds "10"]
[EventCountry "BRA"]
[SourceTitle "CBM 212 Extra"]
[Source "ChessBase"]
[SourceDate "2023.03.31"]
[SourceVersion "1"]
[SourceVersionDate "2023.03.31"]
[SourceQuality "1"]

1. d4 Nf6 2. c4 g6 3. Nc3 d5 4. Bf4 Bg7 5. Qa4+ Bd7 6. Qb3 Bc6 7. e4 e6 8. cxd5 exd5 9. e5 Ng4 10. Be2 Nh6 11. Bxh6 Bxh6 12. Bf3 0-0 13. Nxd5 Nd7 14. Ne2 Bxd5 15. Qxd5 c6 16. Qd6 Re8 17. 0-0 Bf8 18. Qxf8+ Nxf8 19. Nc3 Qxd4 20. Rfe1 Rxe5 21. Rad1 Rxe1+ 22. Rxe1 Qd2 0-1

[Event "Joao Pessoa Fischer Memorial 10th"]
[Site "Joao Pessoa"]
[Date "2019.03.31"]
[Round "5"]
[White "Dantas, Francisco"]
[Black "Souza, Marcos Valerio"]
[Result "1-0"]
[WhiteElo "1903"]
[BlackElo "1995"]
[PlyCount "63"]
[EventDate "2019.03.29"]
[EventType "swiss"]
[EventRounds "6"]
[EventCountry "BRA"]
[SourceTitle "CBM 190 Extra"]
[Source "ChessBase"]
[SourceDate "2019.07.15"]
[SourceVersion "1"]
[SourceVersionDate "2019.07.15"]
[SourceQuality "1"]

1. d4 Nf6 2. c4 g6 3. Nc3 Bg7 4. e4 d6 5. Be2 0-0 6. Bg5 h6 7. Bf4 Kh7 8. Nf3 e5 9. dxe5 Nh5 10. Be3 dxe5 11. Qxd8 Rxd8 12. 0-0 Be6 13. Rfd1 Na6 14. a3 Nf4 15. Bf1 f5 16. g3 fxe4 17. Nxe4 Bg4 18. Rxd8 Rxd8 19. Nfd2 Ne2+ 20. Kg2 Nd4 21. Rc1 c6 22. c5 Be2 23. Bxe2 Nxe2 24. Re1 Nd4 25. Rc1 Nf5 26. Nc4 Nxe3+ 27. Nxe3 Rd4 28. f3 Bf8 29. Kf2 Kg7 30. Ke2 Nc7 31. Nc4 Nb5 32. Nxe5 1-0

[Event "Joao Pessoa Fischer Memorial 10th"]
[Site "Joao Pessoa"]
[Date "2019.03.31"]
[Round "6"]
[White "De Oliveira, Jefferson Pereira"]
[Black "Souza, Marcos Valerio"]
[Result "1-0"]
[WhiteElo "1881"]
[BlackElo "1995"]
[PlyCount "81"]
[EventDate "2019.03.29"]
[EventType "swiss"]
[EventRounds "6"]
[EventCountry "BRA"]
[SourceTitle "CBM 190 Extra"]
[Source "ChessBase"]
[SourceDate "2019.07.15"]
[SourceVersion "1"]
[SourceVersionDate "2019.07.15"]
[SourceQuality "1"]

1. d4 Nf6 2. Nf3 g6 3. c4 Bg7 4. Nc3 0-0 5. e4 d6 6. Bd3 Nbd7 7. Qc2 c5 8. d5 a6 9. h3 Nh5 10. 0-0 e5 11. Be3 Nf4 12. Ne2 Nxd3 13. Qxd3 f5 14. Nc3 Nf6 15. Nh2 fxe4 16. Qc2 Bf5 17. g4 Bc8 18. Nxe4 h5 19. f3 Nxe4 20. Qxe4 Qf6 21. Rf2 Bd7 22. Nf1 b5 23. b3 Rfb8 24. Rc1 a5 25. Ng3 h4 26. Nf1 a4 27. Nd2 b4 28. Qc2 axb3 29. axb3 Be8 30. Ne4 Qf8 31. Qd2 Ra3 32. Rb1 Rba8 33. Rb2 Bd7 34. Bg5 Kh7 35. Kg2 R8a7 36. Bxh4 Qf4 37. Bg5 Qxd2 38. Rfxd2 Bh6 39. Bxh6 Kxh6 40. Nxd6 R3a5 41. Nf7+ 1-0

[Event "Joao Pessoa Fischer Memorial 9th"]
[Site "Joao Pessoa"]
[Date "2018.03.18"]
[Round "6"]
[White "Azevedo, Eduardo Jose E"]
[Black "Souza, Marcos Valerio"]
[Result "1/2-1/2"]
[WhiteElo "1764"]
[BlackElo "2000"]
[PlyCount "51"]
[EventDate "2018.03.16"]
[EventType "swiss"]
[EventRounds "6"]
[EventCountry "BRA"]
[SourceTitle "CBM 183 Extra"]
[Source "ChessBase"]
[SourceDate "2018.04.19"]
[SourceVersion "1"]
[SourceVersionDate "2018.04.19"]
[SourceQuality "1"]

1. e4 e6 2. d4 d5 3. Nc3 Bb4 4. e5 c5 5. Bd2 cxd4 6. Nb5 Bc5 7. b4 Bb6 8. f4 Ne7 9. Nd6+ Kf8 10. Bd3 Bc7 11. Nb5 Nbc6 12. Nf3 Nf5 13. Bxf5 exf5 14. Nbxd4 Nxd4 15. Nxd4 Bxe5 16. Be3 Bd6 17. c3 Qh4+ 18. g3 Qh3 19. Kf2 Bd7 20. Qf1 Qxf1+ 21. Rhxf1 f6 22. Bd2 Kf7 23. Rfe1 Rhe8 24. Rxe8 Rxe8 25. Re1 Re7 26. Rxe7+ 1/2-1/2

[Event "Natal Potiguar op"]
[Site "Natal"]
[Date "2017.06.04"]
[Round "5"]
[White "Souza, Marcos Valerio"]
[Black "Barbosa, Paulo Eduardo E Sil"]
[Result "0-1"]
[WhiteElo "2032"]
[BlackElo "2279"]
[PlyCount "74"]
[EventDate "2017.06.02"]
[EventType "swiss"]
[EventRounds "6"]
[EventCountry "BRA"]
[SourceTitle "EXT 2018"]
[Source "ChessBase"]
[SourceDate "2017.10.13"]
[SourceVersion "1"]
[SourceVersionDate "2017.10.13"]
[SourceQuality "1"]

1. d4 Nf6 2. c4 g6 3. Nc3 Bg7 4. e4 d6 5. f3 0-0 6. Be3 e5 7. dxe5 dxe5 8. Qxd8 Rxd8 9. Nge2 c6 10. Nc1 Be6 11. Be2 Na6 12. a3 Nd7 13. 0-0 f6 14. Nb3 b6 15. Rfd1 Bf8 16. Nc1 Bc5 17. Kf2 Bf7 18. b4 Bxe3+ 19. Kxe3 Nf8 20. Nb3 Nc7 21. a4 Nfe6 22. b5 Nf4 23. Bf1 Nxg2+ 24. Kf2 cxb5 25. Kxg2 Bxc4 26. Nxb5 Bxb3 27. Rxd8+ Rxd8 28. Nxc7 Rd2+ 29. Kg3 f5 30. Nd5 Kg7 31. Ra3 f4+ 32. Kh3 Bd1 33. Nc3 Bxf3 34. Nb1 Rf2 35. Nd2 Bd1 36. Rd3 g5 37. Rd7+ Kg6 0-1

[Event "Joao Pessoa Fischer Memorial 8th"]
[Site "Joao Pessoa"]
[Date "2017.03.17"]
[Round "2"]
[White "Leite, Denis Moreira"]
[Black "Souza, Marcos Valerio"]
[Result "1/2-1/2"]
[WhiteElo "1784"]
[BlackElo "2024"]
[PlyCount "69"]
[EventDate "2017.03.17"]
[EventType "swiss"]
[EventRounds "6"]
[EventCountry "BRA"]
[SourceTitle "CBM 177 Extra"]
[Source "ChessBase"]
[SourceDate "2017.04.27"]
[SourceVersion "1"]
[SourceVersionDate "2017.04.27"]
[SourceQuality "1"]

1. d4 Nf6 2. c4 g6 3. Nc3 Bg7 4. e4 d6 5. f3 0-0 6. Bg5 Nbd7 7. Qd2 c5 8. d5 a6 9. a4 Qa5 10. Nge2 Ne5 11. Ng3 Qb4 12. a5 b5 13. cxb5 axb5 14. Nxb5 Qxd2+ 15. Bxd2 h5 16. Bc3 h4 17. Bxe5 dxe5 18. Ne2 Bd7 19. Nec3 Rfb8 20. Bc4 Ne8 21. b3 Nd6 22. Nxd6 exd6 23. Ke2 Bf6 24. Ra2 Bd8 25. Rha1 Ra7 26. a6 f5 27. exf5 gxf5 28. g3 Bf6 29. Rc1 Kf7 30. Ra5 Bd8 31. Ra3 Bf6 32. Ra5 Bd8 33. Ra3 Bf6 34. Rc2 Kg6 35. Ra5 1/2-1/2

[Event "Paraiban-ch op"]
[Site "Joao Pessoa"]
[Date "2017.01.14"]
[Round "3"]
[White "Dantas, Francisco"]
[Black "Souza, Marcos Valerio"]
[Result "1-0"]
[WhiteElo "1918"]
[BlackElo "2029"]
[PlyCount "71"]
[EventDate "2017.01.12"]
[EventType "swiss"]
[EventRounds "6"]
[EventCountry "BRA"]
[SourceTitle "CBM 176 Extra"]
[Source "ChessBase"]
[SourceDate "2017.03.02"]
[SourceVersion "1"]
[SourceVersionDate "2017.03.02"]
[SourceQuality "1"]

1. d4 Nf6 2. c4 g6 3. Nc3 Bg7 4. e4 d6 5. Be2 0-0 6. Bg5 h6 7. Be3 c5 8. d5 e6 9. Qd2 exd5 10. cxd5 Kh7 11. h3 Re8 12. Bd3 Na6 13. Nf3 Nb4 14. Bb1 b5 15. 0-0 Na6 16. a3 b4 17. axb4 cxb4 18. Ne2 Nc5 19. e5 Nb3 20. Qxb4 Nxa1 21. exf6 Bxf6 22. Qa3 Rxe3 23. fxe3 Qe8 24. Ned4 Bb7 25. e4 Rc8 26. Qxa1 Rc4 27. Qxa7 Qc8 28. Bd3 Rb4 29. Bb5 Kg7 30. Bc6 Ba6 31. Re1 Bd8 32. Ne6+ Kg8 33. Nxd8 Qxd8 34. Qxa6 Qf6 35. Qa3 Rxb2 36. e5 1-0

[Event "Paraiban-ch op"]
[Site "Joao Pessoa"]
[Date "2017.01.13"]
[Round "2"]
[White "Souza, Marcos Valerio"]
[Black "Barbosa, Paulo Eduardo E Sil"]
[Result "0-1"]
[WhiteElo "2029"]
[BlackElo "2263"]
[PlyCount "92"]
[EventDate "2017.01.12"]
[EventType "swiss"]
[EventRounds "6"]
[EventCountry "BRA"]
[SourceTitle "CBM 176 Extra"]
[Source "ChessBase"]
[SourceDate "2017.03.02"]
[SourceVersion "1"]
[SourceVersionDate "2017.03.02"]
[SourceQuality "1"]

1. d4 Nf6 2. c4 g6 3. Nc3 Bg7 4. e4 d6 5. f3 0-0 6. Be3 Nbd7 7. Nh3 e5 8. d5 a6 9. Qd2 Ne8 10. Bg5 f6 11. Bh4 Rf7 12. g4 c6 13. Nf2 Qa5 14. Nd3 cxd5 15. Nxd5 Qxd2+ 16. Kxd2 Bh6+ 17. Kc2 Nf8 18. Be2 b5 19. cxb5 axb5 20. N3b4 Ne6 21. Bf2 Rb7 22. h4 Bd7 23. Rad1 Nf4 24. Nxf4 Bxf4 25. a3 Be6 26. Nd5 Bxd5 27. Rxd5 b4 28. axb4 Rxb4 29. Rb5 Rc8+ 30. Kb1 Ra4 31. b3 Ra3 32. Bc4+ Kh8 33. Kb2 Rca8 34. Kc3 Ra2 35. Be1 Ra1 36. Rf1 Be3 37. Bd2 Bd4+ 38. Kb4 R1a2 39. Rd1 Rc2 40. Rb7 Bc5+ 41. Kb5 Rc8 42. Ba5 Bd4 43. Bb6 d5 44. exd5 Nd6+ 45. Ka6 Ra2+ 46. Ba5 Ra8+ 0-1

[Event "Paraiban-ch op"]
[Site "Joao Pessoa"]
[Date "2017.01.12"]
[Round "1"]
[White "Gomes, Genildo de Souza"]
[Black "Souza, Marcos Valerio"]
[Result "0-1"]
[WhiteElo "1596"]
[BlackElo "2029"]
[PlyCount "68"]
[EventDate "2017.01.12"]
[EventType "swiss"]
[EventRounds "6"]
[EventCountry "BRA"]
[SourceTitle "CBM 176 Extra"]
[Source "ChessBase"]
[SourceDate "2017.03.02"]
[SourceVersion "1"]
[SourceVersionDate "2017.03.02"]
[SourceQuality "1"]

1. Nf3 Nf6 2. Nc3 d5 3. d4 c5 4. e3 g6 5. b3 Bg7 6. Bd3 Nc6 7. Bb2 Bg4 8. h3 Bxf3 9. gxf3 cxd4 10. exd4 0-0 11. Ne2 Qd7 12. Qd2 Rfc8 13. h4 h5 14. c4 Kh7 15. c5 Ne8 16. a3 e5 17. Qc2 Nxd4 18. Nxd4 exd4 19. 0-0-0 b6 20. b4 bxc5 21. bxc5 Qc7 22. Ba6 Qf4+ 23. Kb1 d3 24. Rxd3 Rcb8 25. Rb3 Rxb3 26. Qxb3 Rb8 27. Bb7 Bxb2 28. Kxb2 Qd4+ 29. Ka2 Qxf2+ 30. Ka1 Qxc5 31. Rb1 Nd6 32. Qxd5 Qxa3+ 33. Qa2 Qxa2+ 34. Kxa2 Rxb7 0-1

[Event "BRA-ch Seniors 50+"]
[Site "Curitiba"]
[Date "2016.12.08"]
[Round "1"]
[White "Souza, Marcos Valerio"]
[Black "Leite, Tarcisio Dantas Fro"]
[Result "1-0"]
[WhiteElo "2031"]
[BlackElo "1620"]
[PlyCount "139"]
[EventDate "2016.12.08"]
[EventType "swiss"]
[EventRounds "7"]
[EventCountry "BRA"]
[SourceTitle "EXT 2018"]
[Source "ChessBase"]
[SourceDate "2017.10.13"]
[SourceVersion "1"]
[SourceVersionDate "2017.10.13"]
[SourceQuality "1"]

1. d4 d5 2. c4 e6 3. g3 Nf6 4. Bg2 Be7 5. Nf3 c5 6. cxd5 exd5 7. 0-0 0-0 8. Nc3 Nc6 9. dxc5 Bxc5 10. Bg5 d4 11. Bxf6 Qxf6 12. Ne4 Qe7 13. Nxc5 Qxc5 14. Rc1 Qb6 15. Qc2 h6 16. b3 Be6 17. Rfd1 Rfd8 18. Qb2 Rd7 19. Rd2 Rad8 20. Rcd1 Qc5 21. Rc1 Qb6 22. Qa3 d3 23. exd3 Rxd3 24. Rxd3 Rxd3 25. Qb2 Qd8 26. h3 Rd1+ 27. Rxd1 Qxd1+ 28. Kh2 Bd5 29. Nd2 Bxg2 30. Kxg2 Qe2 31. Nc4 Qe4+ 32. f3 Qd5 33. Qd2 Qxd2+ 34. Nxd2 Nb4 35. a4 a6 36. Kf2 Kf8 37. Ke3 Ke7 38. Kd4 Kd6 39. Nc4+ Kc7 40. Ne3 Nc6+ 41. Kc3 g6 42. f4 b5 43. axb5 axb5 44. Ng4 h5 45. Nh6 Nd8 46. Ng8 Nc6 47. Nf6 Kd6 48. Ne4+ Ke7 49. Kd3 Ke6 50. Nc3 Na7 51. Kd4 Nc6+ 52. Kc5 b4 53. Ne4 Kd7 54. Nf6+ Kc7 55. Nd5+ Kb7 56. Nxb4 Na5 57. Kd5 f6 58. Ke6 g5 59. f5 g4 60. hxg4 hxg4 61. Kxf6 Nxb3 62. Kg7 Nd4 63. f6 Ne6+ 64. Kg8 Kc7 65. f7 Kd6 66. Nd3 Ke7 67. Nf4 Nf8 68. Nd5+ Ke6 69. Kxf8 Kxd5 70. Ke7 1-0

[Event "Joao Pessoa Fischer Memorial 7th"]
[Site "Joao Pessoa"]
[Date "2016.03.13"]
[Round "6"]
[White "Souza, Marcos Valerio"]
[Black "Camara, Jose Arruda"]
[Result "1-0"]
[WhiteElo "2034"]
[BlackElo "1889"]
[PlyCount "92"]
[EventDate "2016.03.11"]
[EventType "swiss"]
[EventRounds "6"]
[EventCountry "BRA"]
[SourceTitle "CBM 171 Extra"]
[Source "ChessBase"]
[SourceDate "2016.04.26"]
[SourceVersion "1"]
[SourceVersionDate "2016.04.26"]
[SourceQuality "1"]

1. d4 e6 2. c4 d5 3. g3 c6 4. Nf3 Nf6 5. Bg2 Bb4+ 6. Bd2 Bxd2+ 7. Nbxd2 0-0 8. 0-0 Nbd7 9. Qc2 dxc4 10. Nxc4 Nb6 11. Nce5 Nbd5 12. Rfd1 h6 13. Rac1 Qe7 14. a3 Rd8 15. Nd2 Bd7 16. Ndc4 Be8 17. Na5 Qc7 18. b4 Rac8 19. Qd2 Qe7 20. e4 Nb6 21. Qc2 Qc7 22. Qb3 Nbd7 23. Nxd7 Rxd7 24. d5 exd5 25. exd5 Rcd8 26. dxc6 Rxd1+ 27. Rxd1 Rxd1+ 28. Qxd1 Bxc6 29. Qc1 Qb6 30. Nxc6 bxc6 31. Bxc6 Ng4 32. Qc5 Qxc5 33. bxc5 Kf8 34. f4 Ke7 35. h3 Nf6 36. Kf2 Kd8 37. Ke3 Kc7 38. Bf3 Nd7 39. Kd4 Nf6 40. g4 Nh7 41. Bd5 f6 42. Bf7 Nf8 43. Bd5 Nd7 44. Bf7 g5 45. f5 Ne5 46. Kd5 Nd7 1-0

[Event "Natal Academia Potiguar 16th"]
[Site "Natal"]
[Date "2015.11.22"]
[Round "9.2"]
[White "Pinheiro, Davi Sales"]
[Black "Souza, Marcos Valerio"]
[Result "1/2-1/2"]
[WhiteElo "1955"]
[BlackElo "2062"]
[PlyCount "95"]
[EventDate "2015.11.13"]
[EventType "tourn"]
[EventRounds "9"]
[EventCountry "BRA"]
[SourceTitle "EXT 2022"]
[Source "ChessBase"]
[SourceDate "2021.10.06"]
[SourceVersion "1"]
[SourceVersionDate "2021.10.06"]
[SourceQuality "1"]

1. d4 Nf6 2. c4 g6 3. Nf3 Bg7 4. g3 0-0 5. Bg2 c6 6. 0-0 d5 7. b3 Bf5 8. Bb2 Nbd7 9. Nbd2 Ne4 10. Nh4 Nxd2 11. Qxd2 Be6 12. Rac1 dxc4 13. bxc4 Nb6 14. d5 Bxb2 15. Qxb2 cxd5 16. cxd5 Bd7 17. Rfd1 Ba4 18. Rd3 Qd6 19. e4 Rac8 20. Rdc3 Bd7 21. Rxc8 Rxc8 22. Rxc8+ Bxc8 23. Qc3 Bd7 24. Nf3 Na4 25. Qa5 Qb6 26. Qd2 Qb1+ 27. Ne1 Nc5 28. f3 Nd3 29. Qxd3 Qxe1+ 30. Qf1 Qe3+ 31. Qf2 Qc1+ 32. Bf1 Bh3 33. Qe2 Qa1 34. Kf2 Bxf1 35. Qxf1 Qxa2+ 36. Kg1 Qb3 37. Kg2 a5 38. Qc1 a4 39. Qc7 Qb2+ 40. Kh3 a3 41. Qxe7 a2 42. e5 Qb6 43. e6 fxe6 44. Qe8+ Kg7 45. Qe7+ Kh6 46. Qh4+ Kg7 47. Qe7+ Kh6 48. Qh4+ 1/2-1/2

[Event "Natal Academia Potiguar 16th"]
[Site "Natal"]
[Date "2015.11.15"]
[Round "5.2"]
[White "Souza, Marcos Valerio"]
[Black "Pinto, Carlos Henrique Lop"]
[Result "0-1"]
[WhiteElo "2062"]
[BlackElo "2065"]
[PlyCount "74"]
[EventDate "2015.11.13"]
[EventType "tourn"]
[EventRounds "9"]
[EventCountry "BRA"]
[SourceTitle "EXT 2022"]
[Source "ChessBase"]
[SourceDate "2021.10.06"]
[SourceVersion "1"]
[SourceVersionDate "2021.10.06"]
[SourceQuality "1"]

1. d4 Nf6 2. c4 g6 3. Nc3 Bg7 4. e4 d6 5. f3 a6 6. Be3 c6 7. Qd2 b5 8. g4 bxc4 9. g5 Nfd7 10. Bxc4 d5 11. Bb3 dxe4 12. fxe4 a5 13. 0-0-0 Nb6 14. Qf2 0-0 15. d5 N6d7 16. Nge2 a4 17. Nxa4 cxd5 18. exd5 Ne5 19. Bb6 Qd6 20. Qc5 Bf5 21. Qxd6 exd6 22. Ng3 Bg4 23. Rd2 Nbd7 24. Bf2 Nf3 25. Rc2 Nxg5 26. Nb6 Nxb6 27. Bxb6 Nf3 28. Kb1 Be5 29. Rc4 Nd2+ 30. Kc2 Nxc4 31. Bxc4 Rab8 32. Be3 Rxb2+ 33. Kd3 Ra8 34. Bd4 Bxd4 35. Kxd4 Ra4 36. Kc3 Rf2 37. Bb3 Raf4 0-1

[Event "Natal Academia Potiguar 16th"]
[Site "Natal"]
[Date "2015.11.14"]
[Round "2.3"]
[White "Hiramine, Ricardo Hiroshi Fer"]
[Black "Souza, Marcos Valerio"]
[Result "0-1"]
[WhiteElo "1975"]
[BlackElo "2062"]
[PlyCount "92"]
[EventDate "2015.11.13"]
[EventType "tourn"]
[EventRounds "9"]
[EventCountry "BRA"]
[SourceTitle "EXT 2022"]
[Source "ChessBase"]
[SourceDate "2021.10.06"]
[SourceVersion "1"]
[SourceVersionDate "2021.10.06"]
[SourceQuality "1"]

1. d4 Nf6 2. c4 g6 3. Nc3 Bg7 4. e4 d6 5. Nf3 0-0 6. Be2 e5 7. Be3 Ng4 8. Bg5 f6 9. Bh4 g5 10. Bg3 Nc6 11. d5 Ne7 12. Nd2 Nh6 13. 0-0 Ng6 14. b4 Nf4 15. c5 f5 16. f3 Nxe2+ 17. Qxe2 f4 18. Bf2 Nf7 19. cxd6 cxd6 20. Rac1 g4 21. fxg4 Qg5 22. h3 h5 23. Nf3 Qh6 24. gxh5 Qxh5 25. Nh2 Qg6 26. Ng4 Ng5 27. Be1 f3 28. gxf3 Nxh3+ 29. Kh1 Bxg4 30. fxg4 Rxf1+ 31. Qxf1 Qh6 32. Rc2 Rf8 33. Qg2 Ng5+ 34. Qh2 Rf1+ 35. Kg2 Qxh2+ 36. Kxh2 Rxe1 37. Nb5 Nxe4 38. Rc7 Re2+ 39. Kh3 a6 40. Rc8+ Kh7 41. Nc7 Re3+ 42. Kh2 Rc3 43. a4 Nf6 44. Rd8 Rxc7 45. Rxd6 Rd7 46. Re6 Nxd5 0-1

[Event "Natal Academia Potiguar 16th"]
[Site "Natal"]
[Date "2015.11.13"]
[Round "1.4"]
[White "Souza, Marcos Valerio"]
[Black "Dos Anjos, Avner Augusto"]
[Result "1-0"]
[WhiteElo "2062"]
[BlackElo "1989"]
[PlyCount "109"]
[EventDate "2015.11.13"]
[EventType "tourn"]
[EventRounds "9"]
[EventCountry "BRA"]
[SourceTitle "EXT 2022"]
[Source "ChessBase"]
[SourceDate "2021.10.06"]
[SourceVersion "1"]
[SourceVersionDate "2021.10.06"]
[SourceQuality "1"]

1. d4 Nf6 2. c4 g6 3. Nc3 Bg7 4. e4 d6 5. f3 0-0 6. Be3 e5 7. Nge2 c6 8. Qd2 Be6 9. d5 cxd5 10. cxd5 Bd7 11. Nc1 a5 12. Bb5 Na6 13. 0-0 Qe8 14. Qe2 Bxb5 15. Qxb5 Nb4 16. Rf2 Qxb5 17. Nxb5 Ne8 18. a3 Na6 19. Rc2 f5 20. Ne2 fxe4 21. fxe4 Rf7 22. Rac1 Bf8 23. Rc8 Rxc8 24. Rxc8 Nac7 25. Nxc7 Nxc7 26. Bh6 Na6 27. Nc3 Nc5 28. Rd8 Nb3 29. Bxf8 Rxf8 30. Rxd6 Nd4 31. Rd7 Rf7 32. Rxf7 Kxf7 33. Kf2 b5 34. Ne2 Nc2 35. Nc1 b4 36. a4 Nd4 37. Nd3 Kf6 38. Ke3 Nb3 39. Nf2 Ke7 40. Kd3 Nc5+ 41. Kc4 Nxa4 42. Kb5 Nxb2 43. Kxa5 b3 44. Kb4 Nc4 45. Kxb3 Ne3 46. g3 Nf1 47. Kc4 Kd6 48. Ng4 h5 49. Nh6 Ke7 50. Kc5 Nd2 51. d6+ Ke6 52. Kc6 Nb3 53. d7 Nd4+ 54. Kc7 Nb5+ 55. Kb6 1-0

[Event "Joao Pessoa op 6th"]
[Site "Joao Pessoa"]
[Date "2015.10.11"]
[Round "3"]
[White "Souza, Marcos Valerio"]
[Black "Hiramine, Rodrigo Yoshio Ferr"]
[Result "0-1"]
[WhiteElo "2073"]
[BlackElo "2015"]
[PlyCount "58"]
[EventDate "2015.10.10"]
[EventType "swiss"]
[EventRounds "5"]
[EventCountry "BRA"]
[SourceTitle "CBM 168 Extra"]
[Source "ChessBase"]
[SourceDate "2015.10.29"]
[SourceVersion "1"]
[SourceVersionDate "2015.10.29"]
[SourceQuality "1"]

1. d4 Nf6 2. c4 g6 3. Nc3 d5 4. Bf4 Bg7 5. Qa4+ Bd7 6. Qb3 dxc4 7. Qxb7 Nc6 8. d5 Rb8 9. Qxc7 Qxc7 10. Bxc7 Nxd5 11. Nxd5 Rb7 12. Bf4 Bxb2 13. Rc1 e6 14. Nc3 e5 15. Bd2 Bxc1 16. Bxc1 Be6 17. Nf3 f6 18. g3 Nd4 19. Bg2 Rd7 20. Nxd4 exd4 21. Ne4 Kf7 22. Nc5 Rc7 23. Nxe6 Kxe6 24. Bf4 Rc5 25. Bh3+ Ke7 26. e3 d3 27. e4 c3 28. Bg4 Rd8 29. Kd1 d2 0-1